Proyectos y metodologías de la investigación /

Guardado en:
Autor Principal: Barrón, Viviana
Otros Autores: Daquino, Marisa
Formato: Libro
Publicado: Ituzaingó : Maipue, 2007
Materias:
Etiquetas: Agregar Etiqueta
Sin Etiquetas, Sea el primero en etiquetar este registro!
LEADER 01082nam a22002295a 4500
001 CEM.cems012936
005 20080710120628.0
008 130507s2007##################000#0#####d
003 CEMS
020 |a 9789879493342 
082 0 4 |a 001.4 
100 1 |a Barrón, Viviana 
245 1 0 |a Proyectos y metodologías de la investigación /  |c Marisa D'aquino, Viviana Barrón 
260 |a Ituzaingó :  |b Maipue,  |c 2007 
300 |a 132 p. 
500 |a Para nive enseñanza media y secundaria correspondiente a Humanidades y Ciencias Sociales y Ciencias Naturales 
505 0 |a El conocimiento a través de la historia -- El conocimiento: conceptualización, caracterización y diferenciación -- Las ciencias y su clasificación -- Ciencia y progreso -- Ciencia, método y técnica -- Propuesta de integración y aplicación teórico-conceptual -- El trabajo de investigación y su presentación formal 
653 |a Metodología de la investigación 
653 |a Ciencia 
653 |a Conocimiento 
700 1 |a Daquino, Marisa 
859 |a CEMS  |b BIB. CEMS - 11 de abril  |h 001.4  |i B278  |p 25229.08  |t Ej.1